000 00671nam a2200277Ia 4500
005 20260324121933.0
008 008 260324s9999 xx 000 0 eng d
020 _a9781315552774
037 _aEBOOK
040 _aCRL
040 _beng
040 _cCRL
041 _2eng
041 _aeng
084 _qCRL
100 _aKieran Keohane; Anders Petersen
_91164468
245 4 _aThe Social Pathologies of Contemporary Civilization
260 _bTaylor and Francis
260 _c2013
365 _a
365 _b255
856 _uhttp://www.taylorfrancis.com/books/9781315552774
942 _cEBOOK
999 _c1756863
_d1756863